000 00750nam a2200205Ia 4500
005 20260121110255.0
008 008 260114s9999 xx 000 0 hin d
020 _a9788132352334
037 _aEBOOK
040 _aCRL
_bhin
_cCRL
041 _ahin
_2hin
084 _qCRL
100 _aअमित त्यागी / Amit Tyagi
_9944174
245 0 _aवैश्वीकरण एवं उदारीकरण के दौर में मानवाधिकार / Vaishwikaran aur Udaariikaran ke daur mein Manavadhikar
260 _bभाषा प्रकाशन / Bhasha Prakashan
_c2020
856 _uhttps://bhashaprakashan.com/product-details/378573
942 _cEBOOK
999 _c1535838
_d1535838